Learning Resource and Development

Comparison of stress level among traditional and flexible online learning among the students in Camarines Sur Polytechnic Colleges Buhi Campus school year 2021-2022 / (Record no. 26588)

MARC details
000 -LEADER
fixed length control field 03210nam a2200325 i 4500
003 - CONTROL NUMBER IDENTIFIER
control field CSPC
005 - DATE AND TIME OF LATEST TRANSACTION
control field 20260421162240.0
007 - PHYSICAL DESCRIPTION FIXED FIELD--GENERAL INFORMATION
fixed length control field ta
008 - FIXED-LENGTH DATA ELEMENTS--GENERAL INFORMATION
fixed length control field 231122s2021 ph a m 00| 0beng
040 ## - CATALOGING SOURCE
Original cataloging agency CSPC
Language of cataloging eng
Transcribing agency CSPC
Description conventions rda
090 ## - LOCALLY ASSIGNED LC-TYPE CALL NUMBER (OCLC); LOCAL CALL NUMBER (RLIN)
Classification number (OCLC) (R) ; Classification number, CALL (RLIN) (NR) UTH BSOA M314c 2021
100 1# - MAIN ENTRY--PERSONAL NAME
Personal name Mangunay, Germaine V.,
Dates associated with a name author.
245 10 - TITLE STATEMENT
Title Comparison of stress level among traditional and flexible online learning among the students in Camarines Sur Polytechnic Colleges Buhi Campus school year 2021-2022 /
Statement of responsibility, etc. Germaine V. Mangunay, Mary Rose O. REsurreccion, and Anthony E. Caceres.
260 ## - PUBLICATION, DISTRIBUTION, ETC.
Place of publication, distribution, etc. Buhi, Camarines Sur :
Name of publisher, distributor, etc. Camarines Sur Polytechnic Colleges,
Date of publication, distribution, etc. 2021.
300 ## - PHYSICAL DESCRIPTION
Extent 73 leaves :
336 ## - CONTENT TYPE
Source rdacontent
Content type term text
337 ## - MEDIA TYPE
Source rdamedia
Media type term unmediated
338 ## - CARRIER TYPE
Source rdacarrier
Carrier type term volume
502 ## - DISSERTATION NOTE
Dissertation note Undergraduate Thesis (BSOA)- Office Administration.
Name of granting institution Camarines Sur Polytechnic Colleges, 2021.
504 ## - BIBLIOGRAPHY, ETC. NOTE
Bibliography, etc. note Includes bibliographical references.
520 3# - SUMMARY, ETC.
Summary, etc. This study aims to determine the comparison of traditional and online flexible learning from the students' perspective. Specifically, it contains the stress level they are encountering in each two learning modalities. The stress levels are demonstrated by rating the two modes of learning from not stressful to strongly stressful. The total of 30 respondents in Camarines Sur Polytechnic Colleges Buhi Campus serves as the respondents of this study. Checklist questionnaires were used to gathered data for the said study. The questionnaires are distributed by the researchers through goggle forms to determine which learning modalities are stressful. Quantitative research method was applied to achieve study's objective. In addition, the respondents examined the results of the stressors in each learning modalities. As the gathered data shown, the stressor of online learning are the internet connection, lack of gadgets used, etc. And for the traditional learning, stressors are the pressure in the family, the expenses for transportation, etc. Many conclusions were formed including that there are students who see traditional mode of learning as more stressful than flexible mode of learning, while some see flexible mode of learning as more stressful. Different perspective depending on how they see the situation. Researchers have series of recommendation to address the said problem for the students, parents, relatives, professors, institutions, and the government to lessen the stress encountering in the two modes of learning. The research results can help practitioners and educators better understand student's situation in studying whether online or traditional learning, better understanding and taking action about the said problem will help students to reduce the stress level in the traditional as well as in the flexible online learning.
700 1# - ADDED ENTRY--PERSONAL NAME
Personal name Resurreccion, Maryrose O.,
Relator term author.
700 1# - ADDED ENTRY--PERSONAL NAME
Personal name Caceres, Anthony E.,
Relator term author.
720 1# - ADDED ENTRY--UNCONTROLLED NAME
Name Oliveros, Josefin N.,
Relator term adviser.
720 1# - ADDED ENTRY--UNCONTROLLED NAME
Name Infnate, Leonisa O.,
Relator term panelist, chair.
720 1# - ADDED ENTRY--UNCONTROLLED NAME
Name Rosal, Jhomer I.,
Relator term panelist.
720 1# - ADDED ENTRY--UNCONTROLLED NAME
Name Secundo, Rey O.,
Relator term panelist.
942 ## - ADDED ENTRY ELEMENTS (KOHA)
Source of classification or shelving scheme Dewey Decimal Classification
Suppress in OPAC No
Koha item type Unpublished Materials
Classification part M314c
Call number prefix UTH
Call number suffix 2021
Holdings
Withdrawn status Lost status Source of classification or shelving scheme Damaged status Not for loan Home library Current library Shelving location Date acquired Total Checkouts Full call number Barcode Date last seen Copy number Price effective from Koha item type
    Dewey Decimal Classification     CAMPUS CSPC CAMPUS CSPC Undergraduate Thesis Section 08/08/2024   UTH BSOA Al861e 2023 00037UM-BUH 08/08/2024 1-1 08/08/2024 Unpublished Materials